| 000 | 00905nam0a22002411 4500 | ||
|---|---|---|---|
| 001 | rc\4647081 | ||
| 005 | 20260407131358.0 | ||
| 021 |
_aRU _bРг6558-61 |
||
| 035 | _a(NLR Aleph) 008410927 | ||
| 090 |
_a9295994 _c9295994 |
||
| 100 | _a20130416d1961 |||y0rusy50 ca | ||
| 101 | 0 | _arus | |
| 102 | _aRU | ||
| 105 | _ay a ||||| | ||
| 200 | 1 |
_aРезолюция Совещания по рекомендательной библиографии _fМ-во культуры РСФСР. Гос. ордена Ленина б-ка СССР им. В.И. Ленина |
|
| 210 |
_aМосква _cБ. и. _d1961 |
||
| 215 |
_a[1], 9 с. _d30 |
||
| 710 | 1 | 2 |
_aСовещание по рекомендательной библиографии _eМосква _f1961 _9657035 _3RU\NLR\AUTH\8810077422 |
| 801 | 0 |
_aRU _bNLR _gpsbo |
|
| 801 | 1 |
_aRU _bELAR _2rusmarc |
|
| 852 |
_aNLR _jБт Б593/Р345 |
||
| 942 | _cBOOK | ||
| 980 | _aNB | ||